Decreto institucional de la Comisión Ejecutiva del Coco (CEC)
保存先:
| 団体著者: | |
|---|---|
| フォーマット: | テキスト |
| 言語: | Spanish |
| 出版事項: |
San José :
1978
|
| タグ: |
タグ追加
タグなし, このレコードへの初めてのタグを付けませんか!
|
MARC
| LEADER | 00000 a a2200000 04500 | ||
|---|---|---|---|
| 001 | 15183 | ||
| 003 | cru CIDCACS/IIS | ||
| 005 | 20231122121718.0 | ||
| 008 | 231122b |||||||| |||| 00| 0 spa d | ||
| 040 | |c cru CIDCACS/IIS | ||
| 090 | |a 07.01.02 Q31d | ||
| 110 | |a Costa Rica. Ministerio de Agricultura y Ganadería. Oficina de Planificación Sectorial Agropecuaria | ||
| 245 | |a Decreto institucional de la Comisión Ejecutiva del Coco (CEC) | ||
| 260 | |a San José : |c 1978 | ||
| 300 | |a 3 p | ||
| 942 | |2 z |c LI |h 07.01.02 Q31d |i 05372 |6 070102_Q31D_05372 | ||
| 999 | |c 16691 |d 16691 | ||
